| 000 | 00979nam a2200313 4500 | ||
|---|---|---|---|
| 003 | OSt | ||
| 005 | 20260601171006.0 | ||
| 008 | 260505b1990\\\\enka||||\||||\00|\0\eng\d | ||
| 020 | _al872005152 | ||
| 040 |
_aICI _bspa _cICI |
||
| 041 | _aeng | ||
| 050 | _aNK1520 R48 1990 | ||
| 100 | 1 |
_aThompson Paul _eautor _932202 |
|
| 245 | 1 |
_aREVIEW 2. _bNew Product Design 1990/91 |
|
| 264 |
_c London _a1990 |
||
| 300 |
_a64 páginas _bilustraciones |
||
| 336 |
_atexto _2rdacontent |
||
| 337 |
_asin medio _2rdamedia |
||
| 338 |
_avolumen _2rdacarrier |
||
| 650 |
_aDiseño _xReseñas. _932203 |
||
| 650 |
_aDiseño gráfico _xCrítica e interpretación. _932204 |
||
| 650 |
_aComunicación visual _xEvaluación. _932205 |
||
| 650 |
_aArte y diseño _xTendencias. _932206 |
||
| 650 |
_aDiseño _xPublicaciones periódicas. _932207 |
||
| 650 |
_aDiseño _xCompilaciones. _932208 |
||
| 650 |
_aCritica de arte _932209 |
||
| 700 |
_a[Autor no especificado]. _932210 |
||
| 942 |
_2lcc _cB _n1 |
||
| 999 |
_c20267 _d20267 |
||